000 01293nam0a2200337 4500
001 RU\NLR\BIBL_A\011504055
005 20260503060251.0
010 _a978-5-91103-349-1
035 _a(NILC)LIBNET\0000818994
035 _a(NLR Aleph) 011504055
090 _a12010086
_c12010086
100 _a20171020d2017 |||y0rusy50 ca
101 1 _arus
_cund
102 _aRU
105 _aac||z|||001zy
200 1 _aПочему в искусстве так много голых людей и другие важные вопросы об искусстве
_e[перевод]
_fСьюзи Ходж
_gил.: Клер Гобл
210 _aМосква
_cАд Маргинем Пресс [и др.]
_d2017
215 _a95 с.
_cцв. ил., портр.
_d27
320 _aИменной указатель: с. 93
333 _a6+
606 _aИскусство
_jИздания для детей
_9934834
_3RU\NLR\AUTH\6626297
686 _a85.103(0)
_vLBC/M
_2rubbk
686 0 _aШ9
_bЩ
700 1 _aХодж
_bС.
_f1960-
_gСьюзи
_9132645
_3RU\NLR\AUTH\770132679
702 1 _aГобл
_bК.
_gКлер
_4440
801 0 _aRU
_bНовосибирская ГОНБ
_c20171010
_grcr
942 _cBOOK
980 _aNBR
980 _aNB